000 00534nam a22001577a 4500
003 ASAB
005 20180827062832.0
008 180509t xxu||||| |||| 00| 0 eng d
040 _cASAB
100 _aSidra Ali-sup-Dr. Saadia Andleeb
_93835
245 _aTH-MS-Cloning and Sequence Analysis of Hepatits C Virus (HCV) 3' Untranslated from Pakistani Isolates
_cSidra Ali-sup-Dr. Saadia Andleeb
260 _aIslamabad
_bASAB (NCVI)
_c2011
300 _aviii, 59 P
_b30 cm
630 _aVirology and Immunology
_93836
942 _2ddc
_cTH
999 _c480818
_d480818